Grizzy i Lemingi - Statystyki

Ogólne statystyki
  • Ten quiz został rozwiązany 11 razy
  • Średni wynik to 6 z 9
Statystyki odpowiedzi
Zagadnienie Odpowiedź % Poprawnych
Ile jest pięter w domu grizzyego i lemmingów (nie licząc parteru)? 1
83%
Z jakiego kraju pochodzi ta bajka? Kanada
83%
Jaki kolor mają lemingi? Niebieski
83%
Czym zazwyczaj grizzy zgniata lemingi? Patelnią
83%
Jaki kolor ma kanapa grizzyego? Brązowy
67%
Jakie buty/kapcie nosi grizzy? Japonki
67%
Kto jako PIERWSZY spróbował "nutelli"? Jeden z lemingów
67%
Jak się nazywa ich "nutella"? Yummy
67%
Jakie ryby występują w ulubionym programie grizziego? Łososie
17%
Nie znaleziono quizów pasujących do podanych kryteriów
Rozkład punktacji
Procent ludzi z każdym wynikiem
Percentyl według liczby udzielonych odpowiedzi
Twoja historia wyników
Nie rozwiązałeś tego quizu